MARC

LEADER 00000nam0a2200000 4500
001 300114
005 20231102001253.0
035 |a (RuTPU)RU\TPU\book\325267 
090 |a 300114 
100 |a 20150707d1982 m y0rusy50 ca 
101 0 |a rus 
102 |a RU 
105 |a y z 000zy 
200 1 |a Советская Эстония  |f К. Г. Вайно 
210 |a Москва  |c Политиздат  |d 1982 
215 |a 158 с. 
225 1 |a В единой братской семье 
606 1 |a Эстония  |x Экономика  |2 stltpush  |3 (RuTPU)RU\TPU\subj\37489  |9 58448 
610 1 |a республики 
610 1 |a СССР 
610 1 |a национальные отношения 
610 1 |a экономическое развитие 
610 1 |a социальное развитие 
610 1 |a культурное строительство 
686 |a У9(4Эст)  |v LBC/SL-A  |2 rubbk 
700 1 |a Вайно  |b К. Г.  |g Карл Генрихович 
801 1 |a RU  |b 63413507  |c 20150707 
801 2 |a RU  |b 63413507  |c 20190412  |g RCR 
942 |c BK